| 000 | 01178nam a2200313 a 4500 | ||
|---|---|---|---|
| 001 | 000114043 | ||
| 003 | CHAP | ||
| 005 | 20220329144424.0 | ||
| 008 | 171023s2017 mx a fsm |||||||spa d | ||
| 010 | _a110504 | ||
| 011 | _a111476 | ||
| 040 | _cCHAP | ||
| 090 | _aTesis | ||
| 100 | 1 |
_aOlivera Espina, Juan Arturo _9133884 |
|
| 245 | 1 | 0 |
_aEstudio de factibilidad técnico ecónomico para la instalación de una planta pasteurizadora de leche en Chignahuapan, Puebla / _h[En línea] _cpor Juan Arturo Olivera Espina. |
| 260 |
_aChapingo, Méx. : _bEl autor, _c2017. |
||
| 500 | _aPara ver el contenido del material haga clic en la liga | ||
| 502 | _aTesis (Ing. Agroindustrial) -- UACH. Departamento de Ingeniería Agroindustrial | ||
| 590 |
_aE8697GMM _b05 _c20171023 _lUCH01 _h1342 |
||
| 590 |
_aE8697GMM _b05 _c20171023 _lUCH01 _h1418 |
||
| 650 | 1 | 4 |
_aIndustria lechera _xPuebla. _957854 |
| 650 | 1 | 4 |
_aLeche _xCostos de producción. _965371 |
| 650 | 1 | 4 |
_aLeche _xNormas de calidad. _965396 |
| 650 | 1 | 4 |
_aLeche _xProducción _zPuebla. _9133885 |
| 856 |
_aFinding aid _uhttp://10.13.5.2/tesis/sist114043.pdf _zTeclea aquí |
||
| 901 | _aBK | ||
| 942 | _cTESIS | ||
| 942 | _n0 | ||
| 999 |
_c110504 _d110504 |
||